banner koha

Diagnóstico quantitativo e qualitativo da arborização das praças de Aracaju, SE (Registro n. 230808)

MARC details
000 -LÍDER
campo de controle de tamanho fixo 01390nas a2200433 4500
001 - NÚMERO DE CONTROLE
campo de controle BR2013006610
003 - IDENTIFICADOR DO NÚMERO DE CONTROLE
campo de controle BR-BrBNA
005 - DATA E HORÁRIO DA ÚLTIMA TRANSAÇÃO
campo de controle 20231205122829.0
007 - CAMPO FIXO DE DESCRIÇÃO FÍSICA--INFORMAÇÃO GERAL
campo de controle de tamanho fixo ta
008 - CAMPO DE DADOS FIXOS--INFORMAÇÃO GERAL
campo de controle de tamanho fixo 230509b bl.|||p| |||| 00| 00por d
040 ## - FONTE DA CATALOGAÇÃO
Instituição da catalogação original BR-BrBNA
Idioma da catalogação por
Instituição que transcreveu o registro Biblioteca Nacional de Agricultura
041 ## - CÓDIGO DE IDIOMA
Código do idioma do texto/trilha sonora ou título diferente (Pt)
072 ## - CÓDIGO DE CATEGORIA DE ASSUNTO
Código de Categoria de Assunto K10
100 1# - ENTRADA PRINCIPAL--NOME PESSOAL
Nome pessoal Souza, A.L. de
100 1# - ENTRADA PRINCIPAL--NOME PESSOAL
Nome pessoal Ferreira, R.A.
100 1# - ENTRADA PRINCIPAL--NOME PESSOAL
Nome pessoal Mello, A.A. de
100 1# - ENTRADA PRINCIPAL--NOME PESSOAL
Nome pessoal Plácido, D. da R.
100 1# - ENTRADA PRINCIPAL--NOME PESSOAL
Nome pessoal Santos, C.Z.A. dos
100 1# - ENTRADA PRINCIPAL--NOME PESSOAL
Nome pessoal Graça, D.A.S. da
100 1# - ENTRADA PRINCIPAL--NOME PESSOAL
Nome pessoal Almeida Júnior, P.P. de
100 1# - ENTRADA PRINCIPAL--NOME PESSOAL
Nome pessoal Barretto, S.S.B.
100 1# - ENTRADA PRINCIPAL--NOME PESSOAL
Nome pessoal Dantas, J.D. de M.
100 1# - ENTRADA PRINCIPAL--NOME PESSOAL
Nome pessoal Paula, J.W.A. de
100 1# - ENTRADA PRINCIPAL--NOME PESSOAL
Nome pessoal Silva, T.L. da
100 1# - ENTRADA PRINCIPAL--NOME PESSOAL
Nome pessoal Gomes, L.P.S.
100 1# - ENTRADA PRINCIPAL--NOME PESSOAL
Nome pessoal Dias, H.C.T.
100 1# - ENTRADA PRINCIPAL--NOME PESSOAL
Nome pessoal Martins, S.V.
100 1# - ENTRADA PRINCIPAL--NOME PESSOAL
Nome pessoal Souza, A.L. de
245 1# - TÍTULO
Título Diagnóstico quantitativo e qualitativo da arborização das praças de Aracaju, SE
246 1# - FORMA VARIANTE DO TÍTULO
Título/título abreviado Quantitative and qualitative diagnostic of urban trees squares in Aracaju, SE, Brazil
650 ## - ASSUNTO--TERMO TÓPICO
Cabeçalho tópico ou nome geográfico ARBORIZAÇÃO
650 ## - ASSUNTO--TERMO TÓPICO
Cabeçalho tópico ou nome geográfico URBANIZAÇÃO
650 ## - ASSUNTO--TERMO TÓPICO
Cabeçalho tópico ou nome geográfico QUALIDADE
650 ## - ASSUNTO--TERMO TÓPICO
Cabeçalho tópico ou nome geográfico LEVANTAMENTO
773 0# - ENTRADA ANALÍTICA
Título Revista Árvore (Brazil)
ISSN - International Standard Serial Number ISSN 0100-6762<br/>
Partes relacionadas (Nov-Dec 2011), v. 35(6) p. 1253-1263
Número de controle do registro BR2013006610
856 4# - LOCALIZAÇÃO ELETRÔNICA E ACESSO
Uniform Resource Identifier <a href="http://www.scielo.br/pdf/rarv/v35n6/a12v35n6.pdf">http://www.scielo.br/pdf/rarv/v35n6/a12v35n6.pdf</a>
Texto de ligação Recurso eletrônico (PDF)
909 ## -
-- 202311
-- Lúcia
-- 55
-- Lúcia Elande
942 ## - ELEMENTOS DE ENTRADA ADICIONADOS (KOHA)
Fonte da classificação ou esquema de arquivamento na estante Classificação AGRIS
Ocultar no OPAC Não
Tipo de material Koha Analítica
Exemplares
Situação do descarte Fonte da classificação ou esquema de arquivamento na estante Situação física Não pode ser emprestado Biblioteca de origem Biblioteca atual Localização na estante Enumeração do periódico / cronologia Total de empréstimos Data de último acesso Número do exemplar Tipo de material Koha Fonte de aquisição
  Classificação AGRIS   Consulta local Biblioteca Nacional de Agricultura - Binagri Biblioteca Nacional de Agricultura - Binagri   (Nov-Dec 2011), v. 35(6) p. 1253-1263   29/11/2023 01 Periódicos Portaria Interministerial nº 164/94

BINAGRI

Telefone: (61)3218-2567/2388/3357/2097 - binagri@agro.gov.br

Ministério da Agricultura e Pecuária , Esplanada dos Ministérios, Bloco D, Anexo B, Brasília/DF, CEP: 70.043-900